Prevención de desastres : (Registro nro. 5967)

Detalles MARC
000 -CABECERA
Campo de control 00927cam a2200217 a 4500
005 - FECHA Y HORA DE LA ULTIMA TRANSACCION
Campo de control 20160317155525.0
008 - ELEMENTOS DE LONGITUD FIJA—INFORMACION GENERAL
Campo de control 940729s1991 ck a r 00010 spa d
040 ## - FUENTE DE CATALOGACIÓN
Agencia catalogadora original la
Agencia transcriptora la
Agencia Modificadora CO-BoIAVH
041 0# - IDIOMA
Código de idioma para texto/pista de sonido o título separado Español
044 ## - PAÍS DE PUBLICACIÓN
País de publicación Colombia
082 04 - NUMERO DE CLASIFICACION DECIMAL DEWEY
Número de clasificación 363.34
Número del ítem C65p
110 2# - ASIENTO PRINCIPAL--NOMBRE CORPORATIVO
Nombre corporativo o de jurisdicción como elemento de entrada Sistema Nacional para la Prevención y Atención de Desastres (Colombia).
9 (RLIN) 64539
245 10 - MENCION DE TITULO
Título Prevención de desastres :
Parte restante del título un concepto de planificación /
Mención de responsabilidad Sistema Nacional para la Prevención y Atencón de Desastres en Colombia.
260 ## - PUBLICACION, DISTRIBUCION, ETC. (PIE DE IMPRENTA)
Lugar de publicación, distribución, etc. Bogotá :
Nombre del editor, distribuidor, etc. Oficina Nacional para la Prevención y Atención de Desastres,
Fecha de publicación, distribución, etc. 1990.
300 ## - DESCRIPCION FISICA
Extensión 14 páginas :
Otros detalles físicos ilustraciones ;
Dimensiones 28 x 21 centímetros
500 ## - NOTA GENERAL
Nota general Información tomada de la carátula.
650 #6 - ASIENTO SECUNDARIO DE MATERIA - TERMINO TEMATICO
Término temático o nombre geográfico como elemento de entrada Desastres naturales
Subdivisión general Historia
Subdivisión geográfica Colombia.
9 (RLIN) 64540
650 #6 - ASIENTO SECUNDARIO DE MATERIA - TERMINO TEMATICO
Término temático o nombre geográfico como elemento de entrada Prevención de accidentes
Subdivisión geográfica Colombia.
9 (RLIN) 64541
650 #6 - ASIENTO SECUNDARIO DE MATERIA - TERMINO TEMATICO
Término temático o nombre geográfico como elemento de entrada Prevención de desastres
Subdivisión geográfica Colombia.
9 (RLIN) 64542
942 ## - ELEMENTOS ADICIONALES (KOHA)
Sistema de clasificación Dewey Decimal Classification
Tipo de ítem Folleto
Existencias
Withdrawn status Lost status Sistema de Clasificación Damaged status No para préstamo Colección Inventariado Ubicación Permanente Ubicación actual Fecha de adquisición Total Checkouts Número topográfico Inventario / Código de Barras Date last seen Ejemplar Price effective from Forma de adquisición Tipo de material
    Dewey Decimal Classification     General Inventariado 2017 Bogotá Bogotá 26/11/2007   LB-363.34 C65p 025524 04/12/2012 Ej. 1 04/12/2012   Folleto